[Event "New York President's Day IM-C"]
[Site "New York"]
[Date "2024.02.19"]
[Round "9"]
[White "Mou, Iris Zhaoying"]
[Black "Andrianov, Nikolai Ivanovich"]
[Result "1/2-1/2"]
[WhiteElo "2259"]
[BlackElo "2266"]
[PlyCount "30"]
[EventDate "2024.02.15"]
[EventType "schev"]
[EventRounds "9"]
[EventCountry "USA"]
[SourceTitle "CB08_2024"]
[SourceDate "2024.02.21"]
[SourceVersion "1"]
[SourceVersionDate "2024.02.21"]
[SourceQuality "1"]

1. e4 c5 2. Nf3 e6 3. g3 Nc6 4. Bg2 Nf6 5. Qe2 d5 6. exd5 Nxd5 7. 0-0 Be7 8. Rd1 0-0 9. d4 cxd4 10. Nxd4 Nxd4 11. Rxd4 Bf6 12. Rd1 Qc7 13. Na3 a6 14. c4 Ne7 15. Bf4 e5 1/2-1/2

[Event "Wch U14 Girls"]
[Site "Montesilvano"]
[Date "2023.11.18"]
[Round "6"]
[White "Mou, Iris Zhaoying"]
[Black "Kaliakhmet, Elnaz"]
[Result "1/2-1/2"]
[WhiteElo "2086"]
[BlackElo "1933"]
[PlyCount "71"]
[EventDate "2023.11.13"]
[EventType "swiss"]
[EventRounds "11"]
[EventCountry "ITA"]
[SourceTitle "CB48_2023"]
[SourceDate "2023.11.29"]
[SourceVersion "1"]
[SourceVersionDate "2023.11.29"]
[SourceQuality "1"]

1. e4 c5 2. Nf3 Nc6 3. Bb5 Nf6 4. Nc3 Qc7 5. 0-0 Nd4 6. h3 a6 7. Bd3 e5 8. Nxd4 cxd4 9. Ne2 d5 10. Ng3 dxe4 11. Nxe4 Nxe4 12. Bxe4 Bd6 13. c3 0-0 14. Qb3 h6 15. cxd4 exd4 16. d3 Rb8 17. Bd2 Be6 18. Qa4 Qb6 19. b4 Rbc8 20. Rab1 Qb5 21. Qxb5 axb5 22. Rb2 Ra8 23. Bxb7 Ra3 24. Bf3 Rb8 25. Be2 Rba8 26. Ra1 Bf5 27. Bf3 Rc8 28. Be4 Be6 29. f4 f5 30. Bf3 Kf7 31. Kf2 Rb8 32. Be2 Rba8 33. Bf3 Rb8 34. Be2 Rba8 35. Bf3 Rb8 36. Be2 1/2-1/2

[Event "New York Mem Day 1000 GM IM-C"]
[Site "New York"]
[Date "2023.05.28"]
[Round "6"]
[White "Sazci, Bilgen"]
[Black "Mou, Iris Zhaoying"]
[Result "0-1"]
[WhiteElo "1827"]
[BlackElo "2002"]
[PlyCount "80"]
[EventDate "2023.05.25"]
[EventType "tourn"]
[EventRounds "9"]
[EventCountry "USA"]
[SourceTitle "CBM 214 Extra"]
[Source "ChessBase"]
[SourceDate "2023.07.31"]
[SourceVersion "1"]
[SourceVersionDate "2023.07.31"]
[SourceQuality "1"]

1. d4 Nf6 2. Nc3 d5 3. Bf4 a6 4. e3 e6 5. Nf3 b5 6. a3 Bb7 7. b4 Nbd7 8. Bd3 Be7 9. 0-0 Nh5 10. Ne2 Nxf4 11. exf4 Nb6 12. c3 Nc4 13. Qc2 f5 14. Ne5 a5 15. Kh1 Qd6 16. Ng1 Qa6 17. Qe2 g6 18. a4 axb4 19. axb5 Qd6 20. Rxa8+ Bxa8 21. cxb4 Nxe5 22. fxe5 Qxb4 23. Rc1 Qxd4 24. Rxc7 Kf7 25. Nf3 Qa1+ 26. Qf1 Qxf1+ 27. Bxf1 h6 28. Nd4 Rb8 29. Ra7 Bb7 30. Nb3 d4 31. Bc4 Rc8 32. Na5 Bd5 33. b6 d3 34. Rc7 d2 35. Be2 Ra8 36. Ra7 Rc8 37. Rc7 Ra8 38. Ra7 Rxa7 39. bxa7 Bc5 40. Nc4 Bxc4 0-1

[Event "Philadelphia int op 15th"]
[Site "Philadelphia"]
[Date "2022.06.27"]
[Round "6"]
[White "Mou, Iris Zhaoying"]
[Black "Andersen, Gunnar James"]
[Result "0-1"]
[WhiteElo "2042"]
[BlackElo "2238"]
[PlyCount "84"]
[EventDate "2022.06.24"]
[EventType "swiss"]
[EventRounds "9"]
[EventCountry "USA"]
[SourceTitle "CBM 209 Extra"]
[Source "ChessBase"]
[SourceDate "2022.09.30"]
[SourceVersion "1"]
[SourceVersionDate "2022.09.30"]
[SourceQuality "1"]

1. e4 c5 2. Nc3 Nc6 3. Bb5 Nd4 4. Nf3 a6 5. Bd3 g6 6. Rb1 Bg7 7. 0-0 d6 8. a3 Nf6 9. b4 0-0 10. Bb2 Qc7 11. Re1 e5 12. h3 b5 13. Nh2 Be6 14. Nf1 Qb7 15. Ne3 c4 16. Be2 Nxe4 17. Bf3 f5 18. Nxe4 Nxf3+ 19. Qxf3 fxe4 20. Qe2 Rac8 21. Ra1 Qe7 22. a4 Qg5 23. Kh1 Rf4 24. Nd1 Rcf8 25. Ra3 Bh6 26. Re3 d5 27. Rg3 Qf6 28. axb5 axb5 29. d3 Rh4 30. dxc4 bxc4 31. Kg1 d4 32. b5 d3 33. cxd3 cxd3 34. Qf1 d2 35. Ree3 Bxe3 36. Rxe3 Rf4 37. Ra3 e3 38. Rxe3 Bc4 39. Bxe5 Bxf1 40. Bxf6 R4xf6 41. Kxf1 Rxf2+ 42. Kg1 Rf1+ 0-1

[Event "Philadelphia int op 15th"]
[Site "Philadelphia"]
[Date "2022.06.26"]
[Round "5"]
[White "Causo, Deniel"]
[Black "Mou, Iris Zhaoying"]
[Result "0-1"]
[WhiteElo "2260"]
[BlackElo "2042"]
[PlyCount "131"]
[EventDate "2022.06.24"]
[EventType "swiss"]
[EventRounds "9"]
[EventCountry "USA"]
[SourceTitle "CBM 209 Extra"]
[Source "ChessBase"]
[SourceDate "2022.09.30"]
[SourceVersion "1"]
[SourceVersionDate "2022.09.30"]
[SourceQuality "1"]

1. e4 c6 2. d4 d5 3. Nd2 dxe4 4. Nxe4 Nf6 5. Nxf6+ exf6 6. c3 Bd6 7. Bd3 0-0 8. Qc2 Re8+ 9. Ne2 h5 10. 0-0 h4 11. h3 Nd7 12. Bd2 Nf8 13. Rae1 Bc7 14. f4 g6 15. Be4 Bb6 16. Kh1 Qd6 17. Ng1 Be6 18. Nf3 f5 19. Bd3 Bd8 20. c4 Bf6 21. Be3 Rad8 22. Qd2 Bc8 23. Bc2 Ne6 24. Rd1 b5 25. b3 Ba6 26. Qa5 Nc7 27. Ne5 Rc8 28. Bf2 bxc4 29. bxc4 Qe6 30. d5 cxd5 31. cxd5 Qd6 32. Bc5 Qd8 33. Rfe1 Bxe5 34. Rxe5 Rxe5 35. fxe5 Nxd5 36. Qxd8+ Rxd8 37. Bb3 Bb7 38. Bxa7 Rd7 39. Be3 Bc6 40. Bg5 Nb6 41. Rb1 Bd5 42. Bc2 Rc7 43. Bd3 Nd7 44. a4 Rc3 45. Bf1 Rxh3+ 46. Kg1 Ra3 47. Rd1 Bc6 48. Bb5 Bxb5 49. axb5 Ra7 50. Rd5 Kg7 51. Bxh4 Kh6 52. Bd8 Rb7 53. b6 Nf8 54. Rd6 Ne6 55. Bf6 Kh5 56. Kf2 Kg4 57. g3 Nc5 58. Rc6 Ne4+ 59. Kg2 Nxg3 60. Bd8 f4 61. Bc7 f3+ 62. Kf2 Ne4+ 63. Ke3 f2 64. Rc1 Kf5 65. Ke2 g5 66. Rc4 0-1

[Event "Philadelphia int op 15th"]
[Site "Philadelphia"]
[Date "2022.06.25"]
[Round "3"]
[White "Atanasov, Anthony"]
[Black "Mou, Iris Zhaoying"]
[Result "1-0"]
[WhiteElo "2229"]
[BlackElo "2042"]
[PlyCount "59"]
[EventDate "2022.06.24"]
[EventType "swiss"]
[EventRounds "9"]
[EventCountry "USA"]
[SourceTitle "CBM 209 Extra"]
[Source "ChessBase"]
[SourceDate "2022.09.30"]
[SourceVersion "1"]
[SourceVersionDate "2022.09.30"]
[SourceQuality "1"]

1. d4 Nf6 2. Nf3 e6 3. Bf4 d5 4. e3 Bd6 5. Nbd2 0-0 6. Bd3 c5 7. c3 Qc7 8. Bxd6 Qxd6 9. Ne5 Nc6 10. f4 Bd7 11. g4 cxd4 12. exd4 Ne8 13. g5 Ne7 14. Qg4 b5 15. a3 Qc7 16. h4 Nd6 17. Rg1 Nef5 18. h5 a5 19. Nb3 b4 20. Nc5 Bb5 21. Bxf5 exf5 22. Qf3 Ne4 23. g6 Nxc5 24. dxc5 Qxc5 25. gxh7+ Kxh7 26. Qg3 g5 27. hxg6+ Kg7 28. gxf7+ Kf6 29. Qh4+ Ke6 30. Rg6# 1-0